[Event "HUN-ch KO"]
[Site "Budapest"]
[Date "2000.08.28"]
[Round "1.1"]
[White "Keschitz, Gyorgy"]
[Black "Hohl, Matthias"]
[Result "1-0"]
[WhiteElo "2185"]
[BlackElo "2042"]
[PlyCount "81"]
[EventDate "2000.08.28"]
[EventType "k.o."]
[EventRounds "6"]
[EventCountry "HUN"]
[SourceTitle "EXT 2001"]
[Source "ChessBase"]
[SourceDate "2000.11.22"]
[SourceVersion "1"]
[SourceVersionDate "2000.11.22"]
[SourceQuality "1"]

1. e4 c5 2. Nc3 Nc6 3. f4 e6 4. Nf3 d5 5. Bb5 Nge7 6. Ne5 a6 7. Bxc6+ Nxc6 8. Nxc6 bxc6 9. d3 Be7 10. 0-0 0-0 11. Qe2 Rb8 12. b3 c4 13. dxc4 dxe4 14. Qxe4 Bf6 15. Bb2 Bb7 16. Rad1 Qa5 17. Na4 Bxb2 18. Nxb2 Qxa2 19. Qe5 Qa3 20. c5 Qb4 21. Nc4 Bc8 22. Nd6 Ra8 23. Rd4 Qc3 24. Rc4 Qxe5 25. fxe5 Ra7 26. Rcf4 Bd7 27. Nxf7 a5 28. R1f3 Rfa8 29. Ra4 Be8 30. Nd6 Bg6 31. Rf2 Rb8 32. Ra3 Rb4 33. c3 Rg4 34. Rfa2 h6 35. Rxa5 Rxa5 36. Rxa5 Rg5 37. Ra8+ Kh7 38. Ra6 Rxe5 39. Rxc6 Bc2 40. b4 Re3 41. b5 1-0

[Event "Budapest FS08 Elo-B"]
[Site "Budapest"]
[Date "2000.08.13"]
[Round "9"]
[White "Hohl, Matthias"]
[Black "Erdelyi, Zombor"]
[Result "0-1"]
[WhiteElo "2042"]
[BlackElo "2207"]
[PlyCount "96"]
[EventDate "2000.08.05"]
[EventType "tourn"]
[EventRounds "10"]
[EventCountry "HUN"]
[SourceTitle "CBM 077 Extra"]
[Source "ChessBase"]
[SourceDate "2000.09.14"]
[SourceVersion "1"]
[SourceVersionDate "2000.09.14"]
[SourceQuality "1"]

1. d4 Nf6 2. c4 g6 3. Nc3 Bg7 4. e4 d6 5. Be2 0-0 6. Bg5 h6 7. Be3 e5 8. d5 c6 9. h3 b5 10. cxb5 cxb5 11. Bxb5 Qa5 12. Qa4 Qc7 13. Nge2 a6 14. Bd3 Nbd7 15. b4 Nh5 16. Rc1 Nf4 17. Nxf4 exf4 18. Ne2 Qd8 19. Nxf4 Ne5 20. Be2 Bd7 21. Qb3 Qe8 22. 0-0 Ba4 23. Qb1 a5 24. a3 Rb8 25. Rc7 axb4 26. axb4 Bb5 27. Ba7 Ra8 28. Rfc1 g5 29. Rb7 gxf4 30. Bxb5 Qd8 31. Rcc7 Qh4 32. Bf1 Kh8 33. Qd1 f3 34. g3 Qxe4 35. b5 h5 36. Qd2 h4 37. g4 Kh7 38. Be3 Ra1 39. Rc1 Rxc1 40. Qxc1 Qxd5 41. Rc7 Qe6 42. Qc2+ f5 43. gxf5 Rxf5 44. b6 Nd7 45. Kh1 Kg8 46. Rc8+ Kf7 47. b7 Rb5 48. Bxb5 Qxh3+ 0-1

[Event "Balatonturist op"]
[Site "Budapest"]
[Date "2000.06.24"]
[Round "9"]
[White "Hohl, Matthias"]
[Black "D Albini, Geza"]
[Result "1/2-1/2"]
[WhiteElo "2063"]
[BlackElo "2179"]
[PlyCount "74"]
[EventDate "2000.06.03"]
[EventType "swiss"]
[EventRounds "9"]
[EventCountry "HUN"]
[SourceTitle "CBM 076 Extra"]
[Source "ChessBase"]
[SourceDate "2000.07.11"]
[SourceVersion "1"]
[SourceVersionDate "2000.07.11"]
[SourceQuality "1"]

1. d4 d5 2. c4 e6 3. Nc3 f5 4. Nf3 c6 5. g3 Nf6 6. Bg2 Be7 7. 0-0 0-0 8. Bg5 Ne4 9. Bxe7 Qxe7 10. Qb3 Nd7 11. Rfe1 Ndf6 12. Ne5 Nd7 13. Nf3 Kh8 14. Qc2 Nb6 15. Ne5 Nd7 16. Nxd7 Bxd7 17. Rac1 Qg5 18. e3 Be8 19. Ne2 Nd6 20. Nf4 Qf6 21. c5 Nf7 22. Nd3 e5 23. dxe5 Nxe5 24. Nxe5 Qxe5 25. b4 a6 26. a4 Rd8 27. Rcd1 Bh5 28. Rd4 Be8 29. Qd2 Qe7 30. e4 fxe4 31. Rexe4 Qc7 32. Rh4 Bg6 33. Rhf4 Rfe8 34. h4 Qe5 35. b5 axb5 36. axb5 Re7 37. Bf1 Qe1 1/2-1/2

[Event "Budapest FS06 Elo"]
[Site "Budapest"]
[Date "2000.??.??"]
[Round "5"]
[White "Bordas, Gyula"]
[Black "Hohl, Matthias"]
[Result "1/2-1/2"]
[WhiteElo "2130"]
[BlackElo "2060"]
[PlyCount "30"]
[EventDate "2000.06.??"]
[EventType "tourn"]
[EventRounds "9"]
[EventCountry "HUN"]
[SourceTitle "EXT 2004"]
[Source "ChessBase"]
[SourceDate "2003.11.25"]
[SourceVersion "1"]
[SourceVersionDate "2003.11.25"]
[SourceQuality "1"]

1. e4 c5 2. Nf3 Nc6 3. d4 cxd4 4. Nxd4 g6 5. Nc3 Bg7 6. Be3 Nf6 7. Bc4 0-0 8. 0-0 d6 9. f3 Qb6 10. Na4 Qa5 11. Bb3 Bd7 12. Nc3 Rac8 13. Qe2 a6 14. Qf2 Qh5 15. Nde2 Bh6 1/2-1/2

[Event "Budapest FS09 Elo"]
[Site "Budapest"]
[Date "2000.??.??"]
[Round "3"]
[White "Hohl, Matthias"]
[Black "Banhazi, Istvan"]
[Result "1-0"]
[WhiteElo "2042"]
[BlackElo "2114"]
[PlyCount "60"]
[EventDate "2000.09.??"]
[EventType "tourn"]
[EventRounds "11"]
[EventCountry "HUN"]
[SourceTitle "CBM 078 Extra"]
[Source "ChessBase"]
[SourceDate "2000.11.10"]
[SourceVersion "1"]
[SourceVersionDate "2000.11.10"]
[SourceQuality "1"]

1. d4 Nf6 2. c4 c5 3. d5 e6 4. Nc3 exd5 5. cxd5 d6 6. Nf3 g6 7. Bg5 h6 8. Bh4 Bg7 9. e3 0-0 10. h3 a6 11. a4 Qa5 12. Qd2 Re8 13. Bg3 b5 14. Bd3 c4 15. Bb1 b4 16. Na2 Nxd5 17. 0-0 c3 18. bxc3 bxc3 19. Qd1 Qc5 20. Bc2 Bf5 21. Nd4 Bxc2 22. Qxc2 Nc6 23. Nxc6 Qxc6 24. Rfd1 Rad8 25. Rac1 Kh7 26. Qb3 Nb6 27. Nxc3 Bxc3 28. Rxc3 Qxa4 29. Qxf7+ Kh8 30. Qf6+ Kh7 1-0

[Event "Budapest FS11 IM-B"]
[Site "Budapest"]
[Date "2000.??.??"]
[Round "1"]
[White "Hohl, Matthias"]
[Black "Csapo, Zoltan"]
[Result "1/2-1/2"]
[WhiteElo "2042"]
[BlackElo "2272"]
[PlyCount "22"]
[EventDate "2000.11.04"]
[EventType "tourn"]
[EventRounds "11"]
[EventCountry "HUN"]
[EventCategory "1"]
[SourceTitle "CBM 079 Extra"]
[Source "ChessBase"]
[SourceDate "2001.01.11"]
[SourceVersion "2"]
[SourceVersionDate "2001.01.25"]
[SourceQuality "1"]

1. d4 d5 2. c4 e6 3. Nc3 Nf6 4. Bg5 Be7 5. e3 Nbd7 6. Bd3 dxc4 7. Bxc4 0-0 8. Nf3 c6 9. 0-0 Nd5 10. Bxe7 Nxc3 11. bxc3 Qxe7 1/2-1/2

[Event "Budapest FS06 Elo"]
[Site "Budapest"]
[Date "2000.??.??"]
[Round "2"]
[White "Hohl, Matthias"]
[Black "Lakat, Gyula"]
[Result "1-0"]
[WhiteElo "2060"]
[BlackElo "2030"]
[PlyCount "62"]
[EventDate "2000.06.??"]
[EventType "tourn"]
[EventRounds "9"]
[EventCountry "HUN"]
[SourceTitle "EXT 2004"]
[Source "ChessBase"]
[SourceDate "2003.11.25"]
[SourceVersion "1"]
[SourceVersionDate "2003.11.25"]
[SourceQuality "1"]

1. d4 Nf6 2. c4 g6 3. Nc3 Bg7 4. e4 d6 5. Be2 c6 6. Bg5 Qc7 7. Qd2 h6 8. Bf4 e5 9. dxe5 dxe5 10. Be3 Na6 11. f3 Be6 12. Rd1 g5 13. g4 Nd7 14. h4 f6 15. hxg5 fxg5 16. Nh3 0-0-0 17. Nd5 cxd5 18. cxd5 Bxd5 19. exd5 Kb8 20. d6 Qc6 21. Rc1 Qa4 22. Nf2 Rc8 23. Ne4 Rxc1+ 24. Qxc1 Qa5+ 25. Kf2 Nb4 26. Qc4 Nd5 27. Rc1 Nxe3 28. Qc7+ Qxc7 29. dxc7+ Ka8 30. c8Q+ Rxc8 31. Rxc8+ Nb8 1-0

[Event "Budapest FS10 FM Elo"]
[Site "Budapest"]
[Date "2000.??.??"]
[Round "11"]
[White "Hohl, Matthias"]
[Black "Zilahi, Gabor"]
[Result "0-1"]
[WhiteElo "2040"]
[BlackElo "2080"]
[PlyCount "90"]
[EventDate "2000.10.07"]
[EventType "tourn"]
[EventRounds "11"]
[EventCountry "HUN"]
[SourceTitle "EXT 2002"]
[Source "ChessBase"]
[SourceDate "2001.11.25"]
[SourceVersion "1"]
[SourceVersionDate "2001.11.25"]
[SourceQuality "1"]

1. d4 Nf6 2. Nf3 e6 3. c4 c5 4. d5 exd5 5. cxd5 d6 6. Nc3 g6 7. Bg5 h6 8. Bh4 Bg7 9. e3 0-0 10. Nd2 a6 11. a4 Nbd7 12. Nc4 Nb6 13. a5 Nxc4 14. Bxc4 b6 15. axb6 Qxb6 16. Qe2 Re8 17. h3 Ne4 18. 0-0 g5 19. Nxe4 Rxe4 20. Bg3 Qxb2 21. Qd3 f5 22. Rab1 Qf6 23. Rb6 Bf8 24. Rfb1 Re8 25. f4 Ra7 26. fxg5 hxg5 27. Bxa6 f4 28. exf4 Bf5 29. Qb5 Rae7 30. Qb2 Qh6 31. Rf1 Bg7 32. Qd2 Bd4+ 33. Kh2 Re3 34. fxg5 Qh7 35. g6 Qxg6 36. Bxd6 Rc3 37. Bxc5 Qg3+ 38. Kh1 Bxc5 39. d6 Rc2 40. Bc4+ Rxc4 41. Qd5+ Be6 42. d7 Qxh3+ 43. gxh3 Bxd5+ 44. Kh2 Re2+ 45. Kg3 Bxb6 0-1

[Event "Budapest FS11 IM-B"]
[Site "Budapest"]
[Date "2000.??.??"]
[Round "4"]
[White "Pihlajamaki, Antti"]
[Black "Hohl, Matthias"]
[Result "1-0"]
[WhiteElo "2158"]
[BlackElo "2042"]
[PlyCount "73"]
[EventDate "2000.11.04"]
[EventType "tourn"]
[EventRounds "11"]
[EventCountry "HUN"]
[EventCategory "1"]
[SourceTitle "CBM 079 Extra"]
[Source "ChessBase"]
[SourceDate "2001.01.11"]
[SourceVersion "2"]
[SourceVersionDate "2001.01.25"]
[SourceQuality "1"]

1. e4 c5 2. c3 d5 3. exd5 Qxd5 4. d4 Nf6 5. Nf3 Nc6 6. Be2 Bg4 7. dxc5 Qxc5 8. Be3 Qa5 9. Qb3 Qc7 10. Na3 e6 11. Nb5 Qb8 12. h3 Bf5 13. 0-0 Be7 14. Nh4 Be4 15. f3 Nd5 16. Bf2 Nf4 17. fxe4 Nxe2+ 18. Kh1 0-0 19. Rae1 Ng3+ 20. Bxg3 Qxg3 21. Nf3 Ne5 22. Nbd4 Nd3 23. Re2 Nf4 24. Rd2 b6 25. Qd1 Qg6 26. Qe1 Nh5 27. g4 Nf6 28. Re2 Qh6 29. Qg3 Qg6 30. Nc6 Rfe8 31. Rfe1 Nh5 32. Nxe7+ Rxe7 33. Qd6 Ree8 34. gxh5 Qxh5 35. Qg3 Rad8 36. Nd4 Re7 37. Nc6 1-0

[Event "Budapest FS09 Elo"]
[Site "Budapest"]
[Date "2000.??.??"]
[Round "2"]
[White "Por, Attila"]
[Black "Hohl, Matthias"]
[Result "0-1"]
[WhiteElo "2028"]
[BlackElo "2042"]
[PlyCount "70"]
[EventDate "2000.09.??"]
[EventType "tourn"]
[EventRounds "11"]
[EventCountry "HUN"]
[SourceTitle "CBM 078 Extra"]
[Source "ChessBase"]
[SourceDate "2000.11.10"]
[SourceVersion "1"]
[SourceVersionDate "2000.11.10"]
[SourceQuality "1"]

1. e4 c5 2. Nf3 d6 3. d4 cxd4 4. Nxd4 Nf6 5. Nc3 a6 6. Bc4 e6 7. Bb3 Be7 8. Be3 Nc6 9. Qe2 Bd7 10. 0-0-0 Na5 11. g4 Nxb3+ 12. axb3 h5 13. g5 Ng4 14. h4 g6 15. Bd2 Qb6 16. f3 Ne5 17. Be3 Qa5 18. Rhf1 Rc8 19. f4 Ng4 20. Bg1 e5 21. fxe5 Nxe5 22. Nd5 Bg4 23. Qf2 Bxd1 24. Kxd1 Qa1+ 25. Kd2 Qxb2 26. Bh2 Bd8 27. Bxe5 Ba5+ 28. Ke3 Rc3+ 29. Kf4 dxe5+ 30. Kxe5 Bc7+ 31. Nxc7+ Rxc7 32. Qf6 0-0 33. Kf4 Rd7 34. Nf3 Qxc2 35. Ne5 Rd4 0-1

[Event "Budapest FS11 IM-B"]
[Site "Budapest"]
[Date "2000.??.??"]
[Round "6"]
[White "Sarkozi, Ferenc"]
[Black "Hohl, Matthias"]
[Result "1-0"]
[WhiteElo "2123"]
[BlackElo "2042"]
[PlyCount "95"]
[EventDate "2000.11.04"]
[EventType "tourn"]
[EventRounds "11"]
[EventCountry "HUN"]
[EventCategory "1"]
[SourceTitle "CBM 079 Extra"]
[Source "ChessBase"]
[SourceDate "2001.01.11"]
[SourceVersion "2"]
[SourceVersionDate "2001.01.25"]
[SourceQuality "1"]

1. d4 c5 2. c3 Qc7 3. Nf3 e6 4. e3 Nf6 5. Nbd2 b6 6. Be2 Bb7 7. 0-0 Be7 8. Re1 0-0 9. Bd3 d6 10. Qe2 Nbd7 11. e4 e5 12. d5 a6 13. Nf1 b5 14. Ng3 Rfe8 15. Nf5 Bf8 16. N3h4 Kh8 17. Bd2 Ng8 18. Qf3 g6 19. Ne3 Ndf6 20. c4 b4 21. Nf1 Bc8 22. h3 Bd7 23. g4 Bg7 24. Ng3 Rf8 25. Kh2 Qd8 26. Ng2 Ne8 27. Rg1 Bf6 28. Raf1 Bg5 29. Bxg5 Qxg5 30. Qe3 Qf6 31. f3 Qg7 32. Rf2 a5 33. Rgf1 Nc7 34. Qg5 Qf6 35. Qxf6+ Nxf6 36. f4 Nce8 37. fxe5 dxe5 38. g5 Ng8 39. Rxf7 Rxf7 40. Rxf7 Bc8 41. Nh4 a4 42. Nf3 Nd6 43. Rc7 Ba6 44. Rxc5 Rf8 45. Kg2 Ne7 46. Nxe5 b3 47. axb3 axb3 48. Ra5 1-0

[Event "Budapest FS10 FM Elo"]
[Site "Budapest"]
[Date "2000.??.??"]
[Round "10"]
[White "Schneider, Volker"]
[Black "Hohl, Matthias"]
[Result "0-1"]
[WhiteElo "2243"]
[BlackElo "2040"]
[PlyCount "64"]
[EventDate "2000.10.07"]
[EventType "tourn"]
[EventRounds "11"]
[EventCountry "HUN"]
[SourceTitle "EXT 2002"]
[Source "ChessBase"]
[SourceDate "2001.11.25"]
[SourceVersion "1"]
[SourceVersionDate "2001.11.25"]
[SourceQuality "1"]

1. e4 c5 2. c3 d5 3. exd5 Qxd5 4. d4 Nf6 5. Nf3 Nc6 6. Be3 cxd4 7. cxd4 Bg4 8. Be2 e6 9. Nc3 Qd6 10. 0-0 Be7 11. a3 0-0 12. h3 Bh5 13. Qd2 Nd5 14. Ne4 Qd8 15. Bg5 Bg6 16. Bd3 Bxg5 17. Nexg5 Nf6 18. Bxg6 hxg6 19. Qf4 Qd5 20. Rac1 Rac8 21. Rc5 Qb3 22. Qh4 Qxb2 23. Rfc1 Rcd8 24. Rd1 Ne7 25. Ne4 Ned5 26. Nfg5 Qe2 27. Rdc1 Qh5 28. Qg3 b6 29. Rb5 Nxe4 30. Nxe4 Qe2 31. Nd6 Rxd6 32. Qxd6 Qxb5 0-1

[Event "Budapest FS06 Elo"]
[Site "Budapest"]
[Date "2000.??.??"]
[Round "7"]
[White "Vass, Viktor"]
[Black "Hohl, Matthias"]
[Result "0-1"]
[WhiteElo "2150"]
[BlackElo "2060"]
[PlyCount "88"]
[EventDate "2000.06.??"]
[EventType "tourn"]
[EventRounds "9"]
[EventCountry "HUN"]
[SourceTitle "EXT 2004"]
[Source "ChessBase"]
[SourceDate "2003.11.25"]
[SourceVersion "1"]
[SourceVersionDate "2003.11.25"]
[SourceQuality "1"]

1. e4 c5 2. Nf3 d6 3. d4 cxd4 4. Nxd4 Nf6 5. Nc3 a6 6. Bc4 e6 7. Bb3 b5 8. 0-0 Be7 9. Qf3 Qb6 10. Bg5 0-0 11. Rad1 Nbd7 12. Qg3 Nc5 13. Bh6 Ne8 14. Bd5 Bb7 15. b4 exd5 16. bxc5 dxc5 17. Nf5 Bf6 18. e5 Kh8 19. Bf4 Bd8 20. Nxd5 Qe6 21. Nfe3 Nc7 22. Nc3 Qg6 23. Rd2 Qh5 24. Ned5 Ne6 25. Be3 Ba5 26. Rdd1 Rad8 27. f4 b4 28. f5 Nd4 29. f6 gxf6 30. Nxf6 Qg6 31. Qxg6 hxg6 32. Na4 Nxc2 33. Bxc5 Rxd1 34. Rxd1 Rd8 35. Rc1 Rd2 36. Nb2 Rxg2+ 37. Kf1 Rxh2 38. Bg1 Ne3+ 39. Bxe3 Rxb2 40. Rc4 Rh2 41. Bc5 Bc6 42. Rd4 Kg7 43. Bxb4 Rxa2 44. Bd6 Bb5+ 0-1

[Event "Budapest FS07 Elo-A"]
[Site "Budapest"]
[Date "2000.??.??"]
[Round "6"]
[White "Zilahi, Gabor"]
[Black "Hohl, Matthias"]
[Result "1-0"]
[WhiteElo "2080"]
[BlackElo "2040"]
[PlyCount "25"]
[EventDate "2000.07.??"]
[EventType "tourn"]
[EventRounds "13"]
[EventCountry "HUN"]
[SourceTitle "EXT 2004"]
[Source "ChessBase"]
[SourceDate "2003.11.25"]
[SourceVersion "1"]
[SourceVersionDate "2003.11.25"]
[SourceQuality "1"]

1. Nf3 Nf6 2. d4 g6 3. g3 Bg7 4. Bg2 0-0 5. 0-0 d6 6. c4 Nc6 7. d5 Na5 8. Nfd2 c5 9. Nc3 a6 10. Qc2 Rb8 11. a4 Bd7 12. Qd3 Nb3 13. Nxb3 1-0

[Event "Budapest FS02 FM"]
[Site "Budapest"]
[Date "1999.??.??"]
[Round "?"]
[White "Hohl, Matthias"]
[Black "Berczes, Csaba"]
[Result "0-1"]
[WhiteElo "2096"]
[BlackElo "2146"]
[PlyCount "58"]
[EventDate "1999.02.??"]
[EventType "tourn"]
[EventRounds "9"]
[EventCountry "HUN"]
[SourceTitle "EXT 2004"]
[Source "ChessBase"]
[SourceDate "2003.11.25"]
[SourceVersion "1"]
[SourceVersionDate "2003.11.25"]
[SourceQuality "1"]

1. Nf3 Nf6 2. c4 g6 3. Nc3 Bg7 4. d4 0-0 5. g3 d6 6. Bg2 Nbd7 7. 0-0 e5 8. e4 c6 9. b3 Re8 10. Bb2 a6 11. Re1 b5 12. dxe5 dxe5 13. cxb5 cxb5 14. Qd6 Bb7 15. Rad1 Rc8 16. Bh3 Rc6 17. Qd2 Rc7 18. Nd5 Nxd5 19. exd5 Rc5 20. Bxd7 Qxd7 21. Nxe5 Bxe5 22. Rxe5 Rxe5 23. Bxe5 Rxd5 24. Bd4 Qc6 25. f3 Rd6 26. Re1 Qd7 27. Qc3 Rxd4 28. h4 Rd1 29. Kf2 Qd2+ 0-1

[Event "Budapest FS12 Elo"]
[Site "Budapest"]
[Date "1999.??.??"]
[Round "2"]
[White "Hohl, Matthias"]
[Black "Erdelyi, Zombor"]
[Result "0-1"]
[WhiteElo "2065"]
[BlackElo "2130"]
[PlyCount "80"]
[EventDate "1999.12.04"]
[EventType "tourn"]
[EventRounds "9"]
[EventCountry "HUN"]
[SourceTitle "EXT 2001"]
[Source "ChessBase"]
[SourceDate "2000.11.22"]
[SourceVersion "1"]
[SourceVersionDate "2000.11.22"]
[SourceQuality "1"]

1. d4 Nf6 2. c4 g6 3. Nc3 Bg7 4. e4 d6 5. Be2 0-0 6. Bg5 h6 7. Be3 e5 8. d5 a5 9. Qd2 Kh7 10. f3 Nh5 11. h4 f5 12. exf5 gxf5 13. Nh3 Qxh4+ 14. Bf2 Qe7 15. 0-0-0 Bd7 16. g4 fxg4 17. fxg4 Nf4 18. Nxf4 exf4 19. Rde1 Qd8 20. Ne4 Be8 21. g5 Bg6 22. Bd3 Nd7 23. gxh6 Bf6 24. Nxf6+ Qxf6 25. Bxg6+ Qxg6 26. Reg1 Qf5 27. Rg7+ Kh8 28. Rxd7 Qxd7 29. h7 Rae8 30. Bd4+ Re5 31. Rh5 Rff5 32. Qg2 Rf8 33. Rg5 Qf7 34. Qh3 Qf6 35. Qh5 Re1+ 36. Kd2 Qxd4+ 37. Kxe1 Qe3+ 38. Kd1 Qd3+ 39. Ke1 Qb1+ 40. Qd1 Re8+ 0-1

[Event "Budapest FS12 Elo"]
[Site "Budapest"]
[Date "1999.??.??"]
[Round "?"]
[White "Hohl, Matthias"]
[Black "Gonda, Laszlo"]
[Result "0-1"]
[WhiteElo "2096"]
[BlackElo "2034"]
[PlyCount "66"]
[EventDate "1999.12.04"]
[EventType "tourn"]
[EventRounds "9"]
[EventCountry "HUN"]
[SourceTitle "EXT 2002"]
[Source "ChessBase"]
[SourceDate "2001.11.25"]
[SourceVersion "1"]
[SourceVersionDate "2001.11.25"]
[SourceQuality "1"]

1. d4 Nf6 2. c4 g6 3. Nc3 d5 4. cxd5 Nxd5 5. e4 Nxc3 6. bxc3 Bg7 7. Bc4 0-0 8. Ne2 c5 9. Be3 Nc6 10. 0-0 cxd4 11. cxd4 Bg4 12. f3 Na5 13. Bd3 Be6 14. d5 Bxa1 15. Qxa1 f6 16. Bh6 Re8 17. h4 Bf7 18. Rd1 Qb6+ 19. Kf1 Rac8 20. Rb1 Qc5 21. Rc1 Qa3 22. Qd4 Red8 23. Rxc8 Rxc8 24. e5 Qc5 25. e6 Be8 26. Qe4 Nc4 27. h5 Ne5 28. Be3 Qa3 29. Bb1 Bb5 30. hxg6 hxg6 31. f4 Bxe2+ 32. Kxe2 Qb2+ 33. Kf1 Rc4 0-1

[Event "Budapest FS12 Elo"]
[Site "Budapest"]
[Date "1999.??.??"]
[Round "3"]
[White "Kovacs, Robert"]
[Black "Hohl, Matthias"]
[Result "0-1"]
[WhiteElo "2050"]
[BlackElo "2065"]
[PlyCount "62"]
[EventDate "1999.12.04"]
[EventType "tourn"]
[EventRounds "9"]
[EventCountry "HUN"]
[SourceTitle "EXT 2001"]
[Source "ChessBase"]
[SourceDate "2000.11.22"]
[SourceVersion "1"]
[SourceVersionDate "2000.11.22"]
[SourceQuality "1"]

1. e4 c5 2. Nf3 d6 3. d4 cxd4 4. Nxd4 Nf6 5. Nc3 a6 6. Be3 e5 7. Nb3 Be7 8. f3 Be6 9. Qd2 d5 10. exd5 Nxd5 11. Nxd5 Qxd5 12. Bd3 f5 13. 0-0-0 Nd7 14. Qe2 Qc6 15. Qd2 0-0 16. Kb1 Rac8 17. h4 Nf6 18. Qf2 Qa4 19. Bd2 e4 20. Be2 Nd5 21. Qd4 Qc6 22. Rc1 Bf6 23. Qf2 Qa4 24. Bd1 b5 25. c3 b4 26. c4 Nc7 27. Nc5 Qc6 28. Nxe6 Nxe6 29. Bxb4 Bd4 30. Qe2 Be5 31. Bb3 Nd4 0-1